Normal view
MARC view
- Asidah binti Mohd Ali
Entry Personal Name
001 - CONTROL NUMBER
- control field: 3717
003 - CONTROL NUMBER IDENTIFIER
- control field: OSt
005 - DATE AND TIME OF LATEST TRANSACTION
- control field: 20170512092054.0
008 - FIXED-LENGTH DATA ELEMENTS
- fixed length control field: 170512|| aca||aabn | a|a d
040 ## - CATALOGING SOURCE
- Original cataloging agency: OSt
- Transcribing agency: OSt
100 ## - HEADING--PERSONAL NAME
- Personal name: Asidah binti Mohd Ali
670 ## - SOURCE DATA FOUND
- Source citation: Work cat.: (OSt)0: Alman :, 2012

PORTAL AKMAL
E-MEL JKDM
AKMAL2U
G-BAM
u-PUSTAKA